New votes of both Houses of Parliament the 20th of May, 1642 : with the humble petition of the Lords and Commons in Parliament assembled to the Kings Most Excellent Majestie at Yorke : also the Lord Stamfords report to the Parliament concerning the danger of Hull and His Majesties resolution to take up arms : with a letter sent from a private Lord to the Queenes Majestie.

Bibliographic Details
Corporate Author: England and Wales. Parliament
Format: Microform Book
Language:English
Published: [Place of publication not identified] : [publisher not identified], 1642.
Series:Early English books, 1641-1700 ; 1330:12.
Subjects:

MARC

Tag First Indicator Second Indicator Subfields
LEADER 00000cam a2200000 a 4500
001 in00000882425
005 20150923160058.0
007 hd afv---baca
007 hz bfv---baaa
008 830519s1642 miu a 00010 eng d
035 |a (OCoLC)09527384 
035 |9 AEM1076AM 
037 |a CL0037000045  |b University Microfilms International 
037 |b University Microfilms International, 300 N. Zeeb Rd., Ann Arbor, MI 48106 
040 |a UMI  |c UMI  |d m/c  |d UtOrBLW 
043 |a e-uk--- 
045 2 |b d1642  |b d1649 
049 |a TXAI 
090 |a DA412 1642  |b .E55 
099 |a film   |a  B   |a  3609 
110 1 |a England and Wales.  |b Parliament. 
245 1 0 |a New votes of both Houses of Parliament the 20th of May, 1642 :  |b with the humble petition of the Lords and Commons in Parliament assembled to the Kings Most Excellent Majestie at Yorke : also the Lord Stamfords report to the Parliament concerning the danger of Hull and His Majesties resolution to take up arms : with a letter sent from a private Lord to the Queenes Majestie. 
264 1 |a [Place of publication not identified] :  |b [publisher not identified],  |c 1642. 
300 |a 8 pages 
336 |a text  |b txt  |2 rdacontent 
337 |a microform  |b h  |2 rdamedia 
338 |a microfilm reel  |b hd  |2 rdacarrier 
500 |a Reproduction of original in the British Library. 
510 4 |a Wing  |c E1671. 
533 |a Microfilm.  |b Ann Arbor, Mich. :  |c University Microfilms International,  |d 1982.  |e 1 microfilm reel ; 35 mm.  |f (Early English books, 1641-1700 ; 1330:12) 
500 |a Microform. 
651 0 |a Great Britain  |x History  |y Civil War, 1642-1649. 
651 0 |a Great Britain  |x Politics and government  |y 1642-1649. 
830 0 |a Early English books, 1641-1700 ;  |v 1330:12. 
999 |a MARS 
999 f f |s eb066d10-b784-3248-a2e0-b429ba3d131c  |i 4fa72628-75b6-3615-a505-3cc6ff105b2c  |t 0 
952 f f |p default  |a Texas A&M University  |b College Station  |c Sterling C. Evans Library  |d Evans: Microforms (3rd floor)  |t 0  |e film B 3609 1330:12  |h Other scheme  |i microform -- microfilm reel 
998 f f |a film B 3609 1330:12  |t 0  |l Evans: Microforms (3rd floor)